Statistics for Страны По Трагедии

Click here to take the quiz!

General Stats

  • This quiz has been taken 1 932 times
  • The average score is 9 of 14

Answer Stats

ТрагедияСтрана% Correct
Блокада ЛенинградаРоссия
98%
Авария на Чернобыльской АЭСУкраина
97%
Бомбардировка Хиросимы и НагасакиЯпония
96%
Теракт 11 сентября 2001 годаСоединённые Штаты
93%
Варшавское геттоПольша
85%
Гибель ТитаникаВеликобритания
77%
Бомбардировка БелградаСербия
75%
Варфоломеевская ночьФранция
56%
Хатынская резняБеларусь
47%
Землетрясение в СпитакеАрмения
34%
Олимпийский теракт в МюнхенеИзраиль
30%
Террор Красных кхмеровКамбоджа
28%
Резня в СонгмиВьетнам
26%
Геноцид тутсиРуанда
22%

Score Distribution

Percentile by Number Answered

Percent of People with Each Score

Your Score History

You have not taken this quiz